Statistiken für Größte Flughäfen der Welt

Klicken Sie hier um das Quiz zu spielen!

Allgemein

  • Dieses Quiz wurde 3,850 mal gespielt
    (665 seit der letzten Aktualisierung)
  • Das Durchschnittsergebnis liegt bei 33 aus 50

Antwortstatistiken

# Stadt % Korrekt
46,0 Mio.New York (Newark)
97%
69,5 Mio.Frankfurt
96%
46,4 Mio.London (Gatwick)
96%
80,1 Mio.London (Heathrow)
96%
61,6 Mio.New York (JFK)
96%
72,2 Mio.Paris
95%
87,5 Mio.Los Angeles
92%
57,9 Mio.Madrid
91%
101 Mio.Peking
90%
42,6 Mio.Tokio (Narita)
89%
45,8 Mio.Moskau (Scheremetjewo)
89%
87,5 Mio.Tokio (Haneda)
89%
43,0 Mio.Rom
88%
44,5 Mio.Sydney
83%
43,6 Mio.Shanghai (Hongqiao)
82%
74,0 Mio.Shanghai (Pudong)
82%
46,3 Mio.München
79%
68,2 Mio.Istanbul
78%
83,3 Mio.Chicago
78%
107 Mio.Atlanta
76%
89,1 Mio.Dubai
75%
47,7 Mio.Mexiko-Stadt
74%
45,0 Mio.Miami
73%
57,7 Mio.San Francisco
72%
50,1 Mio.Barcelona
71%
74,5 Mio.Hong Kong
71%
71,0 Mio.Amsterdam
71%
65,6 Mio.Singapur
68%
63,4 Mio.Bangkok
66%
69,1 Mio.Dallas
64%
69,9 Mio.Delhi
63%
49,9 Mio.Mumbai
63%
49,5 Mio.Toronto
63%
66,9 Mio.Jakarta
62%
68,4 Mio.Seoul
62%
43,8 Mio.Houston
59%
49,8 Mio.Seattle
55%
44,5 Mio.Manila
51%
60,0 Mio.Kuala Lumpur
49%
64,5 Mio.Denver
49%
49,9 Mio.Las Vegas
44%
69,8 Mio.Guangzhou
42%
46,6 Mio.Taipeh
41%
44,9 Mio.Phoenix
30%
49,3 Mio.Shenzhen
28%
44,7 Mio.Xi'an
24%
47,7 Mio.Orlando
23%
53,0 Mio.Chengdu
20%
46,4 Mio.Charlotte
18%
47,2 Mio.Kunming
8%

Verteilung der Resultate

Perzentil nach korrekt beantworteten Fragen

Anzahl Personen mit jedem Resultat

Ihre Resultats-Entwicklung

Sie haben dieses Quiz seit der letzten Aktualisierung nicht gespielt